| 000 | 00497nam a2200181Ia 4500 | ||
|---|---|---|---|
| 999 |
_c16901 _d16901 |
||
| 003 | OSt | ||
| 005 | 20200606120028.0 | ||
| 008 | 190216s9999||||xx |||||||||||||| ||und|| | ||
| 020 | _a8188538213 | ||
| 040 | _cMESKC library | ||
| 082 |
_a891.433 _bKAR/S |
||
| 100 |
_aKare, Mamtha _9254 |
||
| 245 | 0 |
_aSugath Samarpan / _cMamtha Kare |
|
| 260 |
_bPrayeg Prakashan, _c2010. _aDelhi: |
||
| 300 | _a168p | ||
| 650 | _aHindi | ||
| 942 |
_cBK _2ddc _h891.433 _iKAR/S _k891.433 _mKAR/S |
||